000 00999nas a2200337 4500
001 BR2015000857
003 BR-BrBNA
005 20231205125120.0
007 ta
008 230509b bl.|||p| |||| 00| 00por d
040 _aBR-BrBNA
_bpor
_cBiblioteca Nacional de Agricultura
041 _a(En)
072 _aF61
100 1 _aSantos, D.
100 1 _aSiqueira, D.L.
100 1 _aSalomão, L.C.C.
100 1 _aCecon, P.R.
100 1 _aOliveira, G.P.
100 1 _aMachado, D.L.M.
100 1 _aZucoloto, M.
245 1 _aTeores de carboidratos e fluoerscência da clorofila a em folhas de limeiras ácidas Tahiti submetidas ao anelamento e incisão anelar de ramos
650 _aLIMA
650 _aCARBOIDRATO
650 _aCLOROFILA
650 _aFOLHA
650 _aRAMO
650 _aANELAGEM
773 0 _tCiência Rural (Brazil)
_xISSN 0103-8478
_g(Oct 2014), v. 44(10) p.1725-1731
_wBR2015000857
909 _a202311
_bLúcia
_c55
_dLúcia Elande
942 _2AGRIS
_n0
_cANA
999 _c242712
_d242712